Villes avec le plus de millionnaires - Statistiques

Statistiques générales
  • Ce quiz a été pris 135 fois
  • Le résultat moyen est 11 sur 20
Statistiques - réponses
# Réponse % Correct
345 New York
98%
88 Paris
97%
192 Los Angeles
93%
272 Londres
91%
304 Tokyo
85%
131 Beijing
79%
130 Shanghai
67%
160 Chicago
66%
129 Sydney
59%
249 Singapour
52%
125 Hong Kong
49%
276 San Francisco
48%
102 Seoul
40%
116 Toronto
40%
90 Geneve
39%
92 Dallas
32%
97 Melbourne
27%
132 Houston
26%
105 Zurich
25%
117 Francfort
15%
Aucun quiz correspondant
Distribution des résultats
% des personnes avec chaque résultat
Percentile par nombre de réponses
Votre historique - résultats
Vous n’avez pas pris ce quiz